000 00444pab a2200181 454500
008 180718b2014 xxu||||| |||| 00| 0 eng d
100 _aKasturi, Kannan
245 _aHave farmers benefited from high vegetable price in 2013?
260 _c2014
300 _ap.14-17.
362 _a1 Feb
650 _aPrices
650 _aVegetables
650 _aFarmers
773 _aEconomic and Political Weekly
908 _aN
909 _a105653
999 _c105648
_d105648